| 000 | 00634nam a22002177a 4500 | ||
|---|---|---|---|
| 003 | DO-SdBNP | ||
| 005 | 20220201130430.0 | ||
| 007 | ta | ||
| 008 | 220125e2019 dr ||||er|||| 001 f spa d | ||
| 020 | _a9789945806823 | ||
| 040 |
_aDO-SdBNP _bspa _cBNPHU |
||
| 082 | 4 |
_222 _bA277c _axxx |
|
| 100 |
_aAgramonte Hidalgo, Taina _981076 |
||
| 245 | 1 | 0 |
_aCómo Alina se alimenta / _cTaina Agramonte Hidalgo ; ilus. Taina Almodóvar Gil |
| 260 |
_aSanto Domingo : _bMinipe, _c2019 |
||
| 300 |
_a38 p. : _c24 cm. _bil. |
||
| 590 | _aInventariado 2022 / DG | ||
| 700 |
_aAlmodóvar Gil, Taina _eil. _981077 |
||
| 910 | _aDG | ||
| 942 |
_2ddc _cLBS1 |
||
| 999 |
_c51288 _d51288 |
||